| 000 | 00527cam a2200205ua 4500 | ||
|---|---|---|---|
| 001 | 8474 | ||
| 008 | 150130n ii |||gr||||Z||||||eng | ||
| 020 | _a9780195647617 | ||
| 040 | _cMAIN | ||
| 041 | _aeng | ||
| 082 | _a820 | ||
| 100 |
_aGandhi, L., _eAuthor. |
||
| 245 | 1 |
_aPostcolonial theory : _bCritical introduction / _cBy Leela Gandhi . |
|
| 250 | _a1st. | ||
| 260 |
_aNew Delhi: _bOxford, _c2011. |
||
| 300 | _ax,200p. | ||
| 653 | _aEnglish.& Old English literatures | ||
| 653 | _aPostcolonial theory | ||
| 942 | _cBK | ||
| 999 |
_c7582 _d7582 |
||